000 00546naa a2200193 a 4500
001 82678
003 BD-RjUL
005 20240118140617.0
008 240118s1952 ir ||||| |||| 00| 0 p d
035 _a(BD-RjUL)82678
040 _aBD-RjUL
_beng
_cBD-RjUL
041 _aper
082 _223
_a955
_bKAS 1952
245 1 0 _a سازمان فرهنگي ايران ;; Sazman Farhangi, Iran /
_cعلي كني ;; Ali Kani
260 _aTehran :
_bDansgah ,
_c1952
300 _a222 p. ;
_c23 cm
650 _2Cultural History
_zIran
942 _2ddc
_cBK
999 _c82678
_d82678